Sports Quiz

Random Sports or Baseball Quiz
Score 0/38 Timer 05:00
0 Plays Today
% Correct
Kimbrel
87.7%
Contreras
86%
Almora Jr.
86%
Russell
86%
Zobrist
86%
Strop
86%
Bryant
84.2%
Rizzo
84.2%
Baez
84.2%
Darvish
84.2%
Castellanos
84.2%
Lester
82.5%
Heyward
80.7%
Cishek
78.9%
Hamels
77.2%
Happ
77.2%
Chatwood
75.4%
Hoerner
75.4%
Kemp
75.4%
% Correct
Caratini
73.7%
Quintana
73.7%
Lucroy
70.2%
Schwarber
64.9%
Descalso
64.9%
Bote
59.6%
Garcia
57.9%
Hendricks
56.1%
Maples
54.4%
Mills
54.4%
Underwood Jr.
49.1%
Wick
49.1%
Kintzler
45.6%
Norwood
35.1%
Wieck
31.6%
Hultzen
29.8%
Phelps
22.8%
Ryan
21.1%
Holland
7%
Remove Ads.
Support Sporcle.
Get the best of Sporcle when you Go Orange. This ad-free experience offers more features, more stats, and more fun while also helping to support Sporcle. Thank you for becoming a member.

You're not logged in!

Compare scores with friends on all Sporcle quizzes.
OR
Log In

Show Comments

Extras

Created Sep 27, 2019ReportNominate
Tags:Baseball Quiz

Top Quizzes Today


Score Distribution

Your Account Isn't Verified!

In order to create a playlist on Sporcle, you need to verify the email address you used during registration. Go to your Sporcle Settings to finish the process.

Report this User

Report this user for behavior that violates our Community Guidelines.

Details: